Municipalities of South Carolina Counties- Colleton - Statistics

General Stats
  • This quiz has been taken 11 times
  • The average score is 4 of 6
Answer Stats
Population (2020) Municipality % Correct
1,033 Edisto Beach
100%
701 Cottageville
67%
82 Lodge
67%
5,544 Walterboro
67%
98 Williams
67%
98 Smoaks
50%
No matching quizzes found
Score Distribution
Percent of People with Each Score
Percentile by Number Answered
Your Score History
You have not taken this quiz